000 00768nam a2200241 4500
001 11766
003 HDC
007 cr bn ---aaaaa
008 210208c dr|noo 0 a eng d
040 _aHDC
245 0 _aHalal Products Export To Hit RM50 Bln This Year
260 _a[No place] :
_bMalaysian Digest,
_c[no year]
336 _atext
_2rdacontent
337 _acomputer
_2rdamedia
338 _aonline resource
_2rdacarrier
650 _aExport
_94753
650 _ahalal product
_948
710 _aMalaysian Digest
856 _zRequest full-text at [email protected]
942 _2lcc
942 _cNEWS
942 _kNWSO 002320
999 _c9089
_d9089